| 000 | 00983cam a22003131 4500 | ||
|---|---|---|---|
| 001 | 121745 | ||
| 005 | 20230410115739.0 | ||
| 008 | 780418s1969 mx a b 000 0 spa | ||
| 010 | _a74490054 | ||
| 025 | _aLACAP70-1303 | ||
| 040 |
_aDLC _cICU _dDLC |
||
| 041 | _aspa | ||
| 043 | _acl----- | ||
| 050 | 1 | 4 |
_aHG660.5 _b.P348 1969 |
| 100 | 1 | _aPazos, Felipe. | |
| 245 | 1 | 0 |
_aMedidas para detener la inflación crónica en América Latina _cFelipe Pazos. |
| 260 |
_aMéxico, _bCentro de Estudios Monetarios Latinamericanos, _c1969. |
||
| 300 |
_avii, 222 p. _billus. _c22 cm. |
||
| 504 | _aIncluye referencias bibliográficas e indice. | ||
| 650 | 0 |
_aInflation (Finance) _zLatin America. |
|
| 650 | 4 | _aCRV | |
| 650 | 4 | _aColección René Villarreal. | |
| 650 | 4 |
_aInflación (Finanzas) _zAmérica Latina. |
|
| 651 | 0 |
_aLatin America _xEconomic policy. |
|
| 651 | 0 |
_aAmérica Latina _xPolítica económica. |
|
| 942 |
_2lcc _cbk |
||
| 946 | _almd | ||
| 985 |
_aUCL/UCL _eCOMARC |
||
| 999 |
_c47185 _d47185 |
||